ბათუმის შოთა რუსთაველის სახელმწიფო უნივერსიტეტის ბიბლიოთეკა

Страхование (ბიბ.ჩანაწერი № 35227)

000 -LEADER
fixed length control field 00617nam a2200229Ia 4500
001 - CONTROL NUMBER
control field 1073
003 - CONTROL NUMBER IDENTIFIER
control field GE_BSU
008 - FIXED-LENGTH DATA ELEMENTS--GENERAL INFORMATION
fixed length control field 181216s||||||||xx |||||||||||||| ||und||
010 ## - LIBRARY OF CONGRESS CONTROL NUMBER
LC control number 97896920430
040 ## - CATALOGING SOURCE
Transcribing agency GE_BSU
080 ## - UNIVERSAL DECIMAL CLASSIFICATION NUMBER
Universal Decimal Classification number 368(075.8)
245 ## - TITLE STATEMENT
Title Страхование
245 ## - TITLE STATEMENT
Remainder of title Уч-к для студ. по спец."Финансы и кредит
245 ## - TITLE STATEMENT
Statement of responsibility, etc. Под ред.С.Ю.Яновой
260 ## - PUBLICATION, DISTRIBUTION, ETC.
Place of publication, distribution, etc. Москва
260 ## - PUBLICATION, DISTRIBUTION, ETC.
Name of publisher, distributor, etc. Юрайт"Высшее образование
260 ## - PUBLICATION, DISTRIBUTION, ETC.
Date of publication, distribution, etc. 2010
300 ## - PHYSICAL DESCRIPTION
Extent 830стр.
653 ## - INDEX TERM--UNCONTROLLED
Uncontrolled term Страхование
942 ## - ADDED ENTRY ELEMENTS (KOHA)
Koha item type წიგნი
ეგზემპლარები
Withdrawn status Lost status Damaged status Not for loan Date acquired Barcode Date last seen Price effective from Koha item type
        2018-12-17 1100 2018-12-17 2018-12-17 წიგნი